00345nam a22001217a 4500020001800000082001700018245007400035260003300109300000900142504002000151563000700171650004500178 a9786012090765 a378.584bONE aKazakh National Technical University named after K. I.Satpayev: today aAlmaty:bKazNTU Pressc2009. a375p aKazakh language aHB aUniversities and colleges — Kazakhstan